000 00695nam a22002177a 4500
999 _c6945
_d6945
003 OSt
005 20210517093415.0
008 210517b ||||| |||| 00| 0 eng d
020 _a9783319551005
040 _cDDC
082 _a613 ELE 1984
100 _aKeskin, Ali Ümit
_914247
245 _aElectrical Circuits in Biomedical Engineering :
_bProblems with Solutions
260 _aCham, Switzerland :
_bSpringer,
_c2017
300 _axi, 812 p. :
_bill. (some color);
_c26cm
504 _aIncludes bibliographical references and index.
650 _aElectric circuits.
_914248
650 _aMedical electronics.
_914249
650 _aBiomedical engineering.
_92904
942 _2ddc
_cBOOK